[Event "Liga Madrileña 2010/2011 - D. Honor"]
[Site "Madrid ESP"]
[Date "2011.03.20"]
[Round "14.46"]
[White "Carretero Calzon, Abel"]
[Black "San Juan Rodriguez, Miguel"]
[Result "0-1"]
[WhiteElo "2154"]
[BlackElo "2076"]
[PlyCount "41"]
[EventDate "2010.11.21"]
[EventType "team"]
[EventRounds "14"]
[EventCountry "ESP"]
[Source "lmi"]
[SourceDate "2010.11.21"]
[WhiteTeam "Amigos del Retiro"]
[BlackTeam "Collado Villalba"]
[WhiteTeamCountry "ESP"]
[BlackTeamCountry "ESP"]

1. e4 e5 2. Bc4 Nf6 3. Qf3 Nc6 4. Ne2 Be7 5. c3 O-O 6. h3 Na5 7. Bb5 c6 8. Ba4
d5 9. d3 dxe4 10. dxe4 Be6 11. O-O Qc7 12. Ng3 Rad8 13. Nf5 Bxf5 14. Qxf5 Rd3
15. f4 exf4 16. Bc2 g6 17. Qxf4 Qb6+ 18. Qf2 Bc5 19. Bxd3 Bxf2+ 20. Rxf2 Rd8
21. Be2 0-1